[Event "Harkany Tenkes Cup 25th"]
[Site "Harkany"]
[Date "2001.11.27"]
[Round "9"]
[White "Majeric, Zoran"]
[Black "Solti, Laszlo"]
[Result "1-0"]
[WhiteElo "2333"]
[BlackElo "2095"]
[PlyCount "111"]
[EventDate "2001.11.19"]
[EventType "swiss"]
[EventRounds "9"]
[EventCountry "HUN"]
[SourceTitle "EXT 2004"]
[Source "ChessBase"]
[SourceDate "2003.11.25"]
[SourceVersion "1"]
[SourceVersionDate "2003.11.25"]
[SourceQuality "1"]

1. e4 Nf6 2. e5 Nd5 3. d4 d6 4. Nf3 g6 5. c4 Nb6 6. Nc3 Bg7 7. Be2 0-0 8. Bf4 N8d7 9. 0-0 dxe5 10. dxe5 Nc5 11. Be3 Ne6 12. Qc2 c6 13. Rac1 Nd7 14. Qe4 Qa5 15. Qh4 Nxe5 16. Nxe5 Qxe5 17. Qxe7 Nd4 18. Qxe5 Nxe2+ 19. Nxe2 Bxe5 20. Bd4 Bc7 21. Ng3 f5 22. Rfe1 Bd7 23. Re7 Rf7 24. Rce1 Bd6 25. R7e2 c5 26. Bc3 Bf8 27. f4 Bc6 28. Rd2 Bh6 29. Be5 Re8 30. Rdd1 Rfe7 31. Rf1 Re6 32. Kf2 Bg7 33. Bxg7 Kxg7 34. Rd2 Kf6 35. Rfd1 h6 36. Rd6 g5 37. Rxe6+ Rxe6 38. Nh5+ Kg6 39. g4 Be4 40. h3 Rb6 41. Rd7 Rxb2+ 42. Ke1 Rb1+ 43. Kd2 fxg4 44. hxg4 Rd1+ 45. Kxd1 Bf3+ 46. Kd2 Bxg4 47. Rxb7 Kxh5 48. fxg5 Kxg5 49. Rxa7 Kf5 50. Rc7 Kf4 51. Rxc5 Kf3 52. Rc8 h5 53. Rf8+ Ke4 54. a4 Kd4 55. a5 Kc5 56. Rf6 1-0

[Event "Harkany Tenkes Cup 25th"]
[Site "Harkany"]
[Date "2001.11.22"]
[Round "4"]
[White "Solti, Laszlo"]
[Black "Rigo, Janos"]
[Result "0-1"]
[WhiteElo "2095"]
[BlackElo "2338"]
[PlyCount "52"]
[EventDate "2001.11.19"]
[EventType "swiss"]
[EventRounds "9"]
[EventCountry "HUN"]
[SourceTitle "EXT 2004"]
[Source "ChessBase"]
[SourceDate "2003.11.25"]
[SourceVersion "1"]
[SourceVersionDate "2003.11.25"]
[SourceQuality "1"]

1. e4 c5 2. Nf3 Nc6 3. d4 cxd4 4. Nxd4 g6 5. g3 Bg7 6. Be3 Qb6 7. Nxc6 Qxc6 8. Nc3 Bxc3+ 9. bxc3 Qxe4 10. Rg1 Nf6 11. Bg2 Qe6 12. Bf3 0-0 13. Qd4 a5 14. Kf1 Ra6 15. Re1 Qxa2 16. Bh6 Re8 17. g4 d5 18. g5 Bh3+ 19. Rg2 Nh5 20. Bxh5 Qc4+ 21. Be2 Qxd4 22. cxd4 Re6 23. Kg1 Bxg2 24. Kxg2 Rc8 25. c4 Rxc4 26. Kf1 Rc2 0-1

[Event "Harkany Tenkes Cup 25th"]
[Site "Harkany"]
[Date "2001.11.20"]
[Round "2"]
[White "Solti, Laszlo"]
[Black "Frank, Jozsef1"]
[Result "1-0"]
[WhiteElo "2095"]
[BlackElo "2145"]
[PlyCount "97"]
[EventDate "2001.11.19"]
[EventType "swiss"]
[EventRounds "9"]
[EventCountry "HUN"]
[SourceTitle "EXT 2004"]
[Source "ChessBase"]
[SourceDate "2003.11.25"]
[SourceVersion "1"]
[SourceVersionDate "2003.11.25"]
[SourceQuality "1"]

1. e4 e6 2. d4 d5 3. Nd2 dxe4 4. Nxe4 Nf6 5. Bg5 Be7 6. Bxf6 Bxf6 7. Nxf6+ Qxf6 8. Nf3 b6 9. Bb5+ Bd7 10. Be2 0-0 11. Ne5 a5 12. Bf3 Ra7 13. 0-0 Rd8 14. Qe2 Bc8 15. Rfd1 Bb7 16. Bxb7 Rxb7 17. Qe4 Ra7 18. Rd3 Qf5 19. Qxf5 exf5 20. Rad1 f6 21. Nc4 Nc6 22. a4 Raa8 23. c3 Rd7 24. f4 Rb8 25. Na3 Rbd8 26. Kf2 Kf7 27. Nc2 Na7 28. c4 c6 29. Ne3 g6 30. d5 b5 31. axb5 cxb5 32. c5 Rc8 33. c6 Rd6 34. Ke2 Rc7 35. Ra1 a4 36. b3 axb3 37. Rxb3 Re7 38. Kf2 h6 39. Rba3 Nc8 40. Ra5 Rxe3 41. Kxe3 Rxd5 42. Rc1 Ke7 43. Ra8 Kd8 44. Rb8 g5 45. Rb7 h5 46. Rh7 h4 47. c7+ Ke8 48. Rh8+ Kd7 49. Rd8+ 1-0

[Event "Harkany Tenkes Cup 25th"]
[Site "Harkany"]
[Date "2001.11.19"]
[Round "1"]
[White "Meszaros, Tamas"]
[Black "Solti, Laszlo"]
[Result "1-0"]
[WhiteElo "2364"]
[BlackElo "2095"]
[PlyCount "49"]
[EventDate "2001.11.19"]
[EventType "swiss"]
[EventRounds "9"]
[EventCountry "HUN"]
[SourceTitle "EXT 2004"]
[Source "ChessBase"]
[SourceDate "2003.11.25"]
[SourceVersion "1"]
[SourceVersionDate "2003.11.25"]
[SourceQuality "1"]

1. e4 c5 2. Nf3 d6 3. d4 cxd4 4. Nxd4 Nf6 5. Nc3 a6 6. Bg5 e6 7. f4 Qb6 8. Qd2 Qxb2 9. Nb3 Qa3 10. Bxf6 gxf6 11. Be2 Qb4 12. 0-0 Nc6 13. Qe3 Qa3 14. Bh5 Bd7 15. f5 Ne5 16. fxe6 Bxe6 17. Nd5 Bxd5 18. exd5 0-0-0 19. Qb6 Rd7 20. Rae1 Rg8 21. Rf4 Bh6 22. Rb4 Re8 23. Bg4 Nf3+ 24. Kf2 Qxb4 25. Rxe8# 1-0

[Event "HUN-chT2 9798"]
[Site "Hungary"]
[Date "1998.??.??"]
[Round "?"]
[White "Solti, Laszlo"]
[Black "Paszler, Jozsef"]
[Result "1-0"]
[WhiteElo "2085"]
[BlackElo "2280"]
[PlyCount "39"]
[EventDate "1997.??.??"]
[EventType "team-tourn"]
[EventRounds "11"]
[EventCountry "HUN"]
[SourceTitle "EXT 1999"]
[Source "ChessBase"]
[SourceDate "1998.11.16"]
[SourceVersion "1"]
[SourceVersionDate "1998.11.16"]
[SourceQuality "1"]

1. e4 e6 2. d4 d5 3. Nc3 Bb4 4. e5 Ne7 5. a3 Bxc3+ 6. bxc3 c5 7. Bd3 Nbc6 8. Be3 Qa5 9. Bd2 cxd4 10. cxd4 Qc7 11. c3 Bd7 12. Qg4 Ng6 13. Nf3 Na5 14. Rb1 b6 15. h4 0-0-0 16. h5 Ne7 17. Qxg7 Rdg8 18. Qf6 Qd8 19. Ng5 Qe8 20. Nxf7 1-0

[Event "Pecs Suto op"]
[Site "Pecs"]
[Date "1997.??.??"]
[Round "?"]
[White "Solti, Laszlo"]
[Black "Kiss, Laszlo"]
[Result "1-0"]
[WhiteElo "2085"]
[BlackElo "2170"]
[PlyCount "83"]
[EventDate "1997.??.??"]
[EventType "swiss"]
[EventRounds "9"]
[EventCountry "HUN"]
[SourceTitle "EXT 2004"]
[Source "ChessBase"]
[SourceDate "2003.11.25"]
[SourceVersion "1"]
[SourceVersionDate "2003.11.25"]
[SourceQuality "1"]

1. e4 c5 2. Nf3 Nc6 3. d4 cxd4 4. Nxd4 e5 5. Nf3 Nf6 6. Bg5 Qa5+ 7. Bd2 Qb6 8. Nc3 Be7 9. Bd3 0-0 10. 0-0 d6 11. h3 h6 12. Rb1 Be6 13. a3 Qd8 14. Re1 Re8 15. b4 Rc8 16. Qe2 Qd7 17. Nd1 g5 18. c4 Kh7 19. Ne3 g4 20. hxg4 Bxg4 21. Nf5 Rg8 22. Qe3 Rg6 23. N3h4 Rcg8 24. Nxg6 Rxg6 25. Nh4 Rg5 26. Nf5 Rg6 27. Kf1 Nh5 28. Nxe7 Qxe7 29. f3 Ng3+ 30. Kg1 Qh4 31. f4 Qh1+ 32. Kf2 Qh4 33. Qxg3 Qxg3+ 34. Kxg3 Be2+ 35. Kf2 Bxd3 36. Rbc1 exf4 37. Rc3 Ne5 38. Bxf4 Rf6 39. Kg3 Rg6+ 40. Kh2 Ng4+ 41. Kg1 Rf6 42. Bg3 1-0

[Event "Pecs op"]
[Site "Pecs"]
[Date "1996.??.??"]
[Round "2"]
[White "Ivan, Zoltan"]
[Black "Solti, Laszlo"]
[Result "1-0"]
[WhiteElo "2235"]
[BlackElo "2090"]
[PlyCount "85"]
[EventDate "1996.??.??"]
[EventType "swiss"]
[EventRounds "9"]
[EventCountry "HUN"]
[SourceTitle "EXT 2004"]
[Source "ChessBase"]
[SourceDate "2003.11.25"]
[SourceVersion "1"]
[SourceVersionDate "2003.11.25"]
[SourceQuality "1"]

1. d4 Nf6 2. c4 c5 3. d5 d6 4. Nc3 g6 5. e4 Bg7 6. Nf3 0-0 7. h3 Na6 8. Be2 Nc7 9. 0-0 a6 10. a4 a5 11. Bf4 Nd7 12. Qd2 Re8 13. Nh2 Nb6 14. Bh6 Bd4 15. Kh1 e6 16. f4 f5 17. Nf3 Bh8 18. e5 exd5 19. cxd5 dxe5 20. d6 Ne6 21. fxe5 Nd4 22. Bg5 Qd7 23. Nxd4 cxd4 24. Qxd4 Bxe5 25. Qxb6 Qxd6 26. Qxd6 Bxd6 27. Bb5 Rf8 28. Bc4+ Kg7 29. Rad1 Bb4 30. Nd5 Be6 31. Nb6 Rae8 32. Bxe6 Rxe6 33. Rd7+ Rf7 34. Rxf7+ Kxf7 35. Nc4 Re2 36. b3 Ke6 37. Bd8 Kd5 38. Bxa5 Bc5 39. Rd1+ Ke4 40. Nd6+ Kf4 41. Nxb7 Bf2 42. Bc7+ Ke4 43. Nd6+ 1-0

[Event "Pecs op"]
[Site "Pecs"]
[Date "1996.??.??"]
[Round "8"]
[White "Solti, Laszlo"]
[Black "Horvath, Imre"]
[Result "1-0"]
[WhiteElo "2090"]
[BlackElo "2355"]
[PlyCount "68"]
[EventDate "1996.??.??"]
[EventType "swiss"]
[EventRounds "9"]
[EventCountry "HUN"]
[SourceTitle "EXT 2004"]
[Source "ChessBase"]
[SourceDate "2003.11.25"]
[SourceVersion "1"]
[SourceVersionDate "2003.11.25"]
[SourceQuality "1"]

1. e4 e5 2. Nf3 d6 3. d4 Bg4 4. dxe5 Nc6 5. exd6 Bxd6 6. Be2 Qe7 7. Nc3 0-0-0 8. h3 Bh5 9. Be3 Nf6 10. Nd2 Bg6 11. Bd3 Bb4 12. 0-0 Rhe8 13. f3 Bxc3 14. bxc3 Nd5 15. Qe1 Nxc3 16. Nb3 Qf6 17. Qf2 a6 18. Nc5 Nd4 19. Nb3 Nxb3 20. axb3 Qc6 21. Ra5 Rxd3 22. cxd3 Nb5 23. Rc1 Qe6 24. Qc2 Qd7 25. Qc5 Re6 26. Ra2 Rd6 27. d4 Nxd4 28. Qa7 Nc6 29. Qa8+ Nb8 30. Ba7 Rd1+ 31. Rxd1 Qxd1+ 32. Kf2 b6 33. Bxb8 Qd4+ 34. Ke2 f5 1-0

[Event "Szekszard op "]
[Site "Szekszard"]
[Date "1995.??.??"]
[Round "?"]
[White "Blaho, Gyula"]
[Black "Solti, Laszlo"]
[Result "0-1"]
[WhiteElo "2140"]
[BlackElo "2025"]
[PlyCount "42"]
[EventDate "1995.??.??"]
[EventType "swiss"]
[EventRounds "9"]
[EventCountry "HUN"]
[SourceTitle "EXT 1999"]
[Source "ChessBase"]
[SourceDate "1998.11.16"]
[SourceVersion "1"]
[SourceVersionDate "1998.11.16"]
[SourceQuality "1"]

1. d4 Nf6 2. Nf3 g6 3. c4 Bg7 4. Nc3 d5 5. Qb3 dxc4 6. Qxc4 0-0 7. e4 c6 8. Qb3 Nfd7 9. Be3 Qb6 10. Qc2 Qa5 11. a3 Na6 12. Qc1 e5 13. b4 Qd8 14. d5 cxd5 15. Nxd5 Nf6 16. Bg5 Be6 17. Nxf6+ Bxf6 18. Bxf6 Qxf6 19. Bxa6 bxa6 20. 0-0 Bg4 21. Ne1 Be2 0-1

[Event "Szekszard op "]
[Site "Szekszard"]
[Date "1995.??.??"]
[Round "?"]
[White "Kaposztas, Miklos"]
[Black "Solti, Laszlo"]
[Result "0-1"]
[WhiteElo "2335"]
[BlackElo "2025"]
[PlyCount "110"]
[EventDate "1995.??.??"]
[EventType "swiss"]
[EventRounds "9"]
[EventCountry "HUN"]
[SourceTitle "EXT 1999"]
[Source "ChessBase"]
[SourceDate "1998.11.16"]
[SourceVersion "1"]
[SourceVersionDate "1998.11.16"]
[SourceQuality "1"]

1. d4 Nf6 2. c4 g6 3. Nc3 d5 4. Nf3 Bg7 5. Bg5 Ne4 6. cxd5 Nxg5 7. Nxg5 e6 8. Qd2 exd5 9. Qe3+ Kf8 10. Qf4 Bf6 11. h4 Kg7 12. e4 dxe4 13. Bc4 Qxd4 14. Qxc7 Qd7 15. Qf4 Qf5 16. Qxf5 Bxf5 17. Nxf7 Rf8 18. Nd6 Nc6 19. h5 Bxc3+ 20. bxc3 Ne5 21. hxg6 Bxg6 22. Be2 b6 23. Rh4 Nd3+ 24. Bxd3 exd3 25. f3 Rad8 26. Rd4 Kg8 27. Kd2 Rd7 28. Re1 Rg7 29. a4 h6 30. Rg4 Kh7 31. Re5 Rd8 32. Re6 Rdd7 33. Rh4 Rde7 34. Rxh6+ Kxh6 35. Nf5+ Kh7 36. Nxe7 Bf7 37. Re4 Rxg2+ 38. Kxd3 Ra2 39. Rh4+ Kg7 40. Nc8 Be8 41. Nxa7 Bxa4 42. Nc8 Bc2+ 43. Ke3 b5 44. Rh2 Ra8 45. Nd6 Ba4 46. Kd4 Rf8 47. Ke4 Rb8 48. Rb2 Kf6 49. c4 b4 50. Kd4 Bd1 51. Kc5 b3 52. f4 Bc2 53. Kc6 Ra8 54. Kb5 Ra2 55. Ne4+ Kf5 0-1